Diana de Chivri (Record no. 173922)

MARC details
000 -LEADER
campo de control de longitud fija 00651nam a22001575i 4500
001 - NÚMERO DE CONTROL
campo de control 173922
003 - IDENTIFICADOR DE NÚMERO DE CONTROL
campo de control ES-MaACL
005 - FECHA Y HORA DE LA ÚLTIMA TRANSACCIÓN
campo de control 20250909203613.0
008 - DATOS DE LONGITUD FIJA--INFORMACIÓN GENERAL
campo de control de longitud fija 100129s1839 sp |||| | spa d
245 00 - MENCIÓN DEL TÍTULO
Título Diana de Chivri
Resto del título : drama en cinco actos /
Mención de responsabilidad, etc. traducido por Gaspar Fernando Coll.
260 ## - PUBLICACIÓN, DISTRIBUCIÓN, ETC.
Lugar de publicación, distribución, etc. Madrid :
Nombre del editor, distribuidor, etc. [s.n.],
Fecha de publicación, distribución, etc. 1839 (
Fabricante Imp. de Yenes)
300 ## - DESCRIPCIÓN FÍSICA
Extensión 72 p. ;
Dimensiones 17 cm.
700 1# - ENTRADA AGREGADA--NOMBRE PERSONAL
Nombre de persona Coll, Gaspar Fernando,
Fechas asociadas al nombre 1826-1855
9 (RLIN) 126538
852 ## - LOCALIZACIÓN
Ubicación ES-MaACL
Número de control de estantería F-8629(3)
Nota libre .- Enc. pasta española
condición física .- Falto de la cub. original
Nota libre .- Enc. en un vol. facticio formando parte de la col. facticia "Teatro español moderno", vol. 84
Holdings
Estatus retirado Estado de pérdida Estado de daño No para préstamo Colección Biblioteca de origen Biblioteca actual Ubicación en estantería Fecha de adquisición Fuente de adquisición Total de préstamos Signatura topográfica completa Código de barras Visto por última vez Precio de reemplazo Tipo de ítem Koha
        Libros del s. XIX Biblioteca del Ateneo de Madrid Biblioteca del Ateneo de Madrid Sala Pecera Planta 2 29/01/2010     F-8629(3) 1182561 23/02/2023 23/02/2023 Libro impreso antiguo